| 000 | 00709cam a2200241 a 4500 | ||
|---|---|---|---|
| 001 | 000010888 | ||
| 003 | OSt | ||
| 005 | 20250127134854.0 | ||
| 008 | 711108s1972 nyua b 001 0 eng | ||
| 040 |
_aDO-SdBNP _bspa _cBNPHU |
||
| 082 |
_a550 _bL662s |
||
| 100 | 1 |
_aLeveson, David, _926252 |
|
| 245 | 1 | 2 |
_aA sense of the earth / _cDavid Leveson ; dibujos Meg Leveson. |
| 260 |
_aNew York : _bDoubleday & Company, _c1972. |
||
| 300 |
_a176 p. : _bil. ; _c25 cm. |
||
| 490 | 1 | _aAnchor Natural History Books | |
| 504 | _aBibliografía: p. [170]-172. | ||
| 590 | _aInventariado, 2020 / DG | ||
| 650 | 0 |
_aGeología _926253 |
|
| 700 | 1 |
_aLeveson, Meg. _926254 |
|
| 910 | _aEn catalogaciòn | ||
| 942 |
_2ddc _cLF1 |
||
| 999 |
_c10631 _d10631 |
||